Simposio internazionale sul barocco latino americano, 21-24 apr. 1980 /
Guardado en:
| Autor Principal: | |
|---|---|
| Formato: | Libro |
| Publicado: |
Roma :
,
1982
|
| Etiquetas: |
Agregar Etiqueta
Sin Etiquetas, Sea el primero en etiquetar este registro!
|
| LEADER | 00440nam a22001455a 4500 | ||
|---|---|---|---|
| 001 | CEM.cems005570 | ||
| 005 | 20060221000000.0 | ||
| 008 | 130507s1982##################000#0#####d | ||
| 003 | CEMS | ||
| 082 | 0 | 4 | |a 724.1 |
| 100 | 1 | |a Roma Inst. Italo Latino Amer | |
| 245 | 1 | 0 | |a Simposio internazionale sul barocco latino americano, 21-24 apr. 1980 / |
| 260 | |a Roma : |b , |c 1982 | ||
| 300 | |a 5721 p. | ||
| 859 | |a CEMS |b BIB. CEMS - 11 de abril |h 724.1 |i R66/I |p 13311.85 |t Ej.1 | ||
